000 00610cam a22001457a 4500
008 180718b1992 xxu||||| |||| 00| 0 eng d
082 _aA81x54 91/13/PT12A&B/JH
100 _aCensus of India 1991
245 _aMadhya Pradesh district census handbook, Jhabua: village and town directory, village and townwise primary census abstract
260 _aBhopal
_bDirectorate of Census Operations
_c1992
300 _a994+p.
440 _aCensus of India 1991. Series-13, Madhya Pradesh. Part XII-A&B
650 _aCities and towns - Directories - Census - India - Madhya Pradesh - Jhabua
650 _aJhabua - Census
999 _c488701
_d488701